| 000 | 00490nam a2200181Ia 4500 | ||
|---|---|---|---|
| 005 | 20250423101520.0 | ||
| 008 | 250422s9999 xx 000 0 und d | ||
| 020 | _a9789350145746 | ||
| 050 | _aTK 2331 .D38/ | ||
| 100 | _aDatta N. K. (Dr) | ||
| 245 | 0 | _aTheory and practice of electrical machine design | |
| 260 | _aNew Delhi | ||
| 260 | _bS. K. Kataria and Sons | ||
| 260 | _c2016 | ||
| 300 | _a946 p | ||
| 650 | _a Electric machinery--Design and construction. | ||
| 942 | _cBK | ||
| 999 |
_c36513 _d36513 |
||